Trh kapitálového životného poistenia

Špecifiká kapitálového životného poistenia. Kombinácia životného poistenia s vytváraním úspor. Produkty kapitálového životného poistenia: pre prípad smrti a dožitia, pre prípad dožitia s vrátením zaplateného poistnéh, pre prípad dožitia, s čiastočnými výplatami poistnej sumy, s vrátením poistného, s...

Ausführliche Beschreibung

Gespeichert in:
Bibliographische Detailangaben
1. Verfasser: Littvová, Zuzana
Format: Buchkapitel
Sprache:Slowakisch
Schlagworte:
Tags: Tag hinzufügen
Keine Tags, Fügen Sie das erste Tag hinzu!

MARC

LEADER 00000naa$a2200000$$$4500
001 0056469
005 20240614130438.2
041 0 |a slo 
044 |a SK 
245 1 0 |a Trh kapitálového životného poistenia  |c Zuzana Littvová 
520 |a Špecifiká kapitálového životného poistenia. Kombinácia životného poistenia s vytváraním úspor. Produkty kapitálového životného poistenia: pre prípad smrti a dožitia, pre prípad dožitia s vrátením zaplateného poistnéh, pre prípad dožitia, s čiastočnými výplatami poistnej sumy, s vrátením poistného, s pripoistením kritických chorôb. 
610 2 0 |a trh poistný 
610 2 0 |a poistenie životné 
610 2 0 |a úspory finančné 
610 2 0 |a riziko poistné 
100 1 |a Littvová, Zuzana